Investovanie na finančých trhoch bakalárska práca

Na minha lista:
Detalhes bibliográficos
Autor principal: Paulen, Mário
Autor Corporativo: Národohospodárska fakulta EU. Katedra financií
Outros Autores: Alexy, Martin, 1976-
Formato: Livro
Idioma:eslovaco
Publicado em: Bratislava 2009
Tags: Adicionar Tag
Sem tags, seja o primeiro a adicionar uma tag!

MARC

LEADER 00000nam$a2200000$$$4500
001 0103601
005 20240318141357.6
041 0 |a slo 
044 |a SK 
245 1 0 |a Investovanie na finančých trhoch  |b bakalárska práca  |c Mário Paulen ; škol. Martin Alexy 
264 1 |a Bratislava  |c 2009 
300 |a 39 s. 
100 1 |a Paulen, Mário 
700 1 |a Alexy, Martin, 1976- 
710 2 |a Národohospodárska fakulta EU. Katedra financií